000 00887nam a2200265Ia 4500
003 OSt
005 20221005104228.0
006 a|||||r|||| 00| 0
007 ta
008 221004b |||||||| |||| 00| 0 san d
024 _a31946
037 _cTextual
040 _aCRL
_cCRL
_bsan
041 _2san
_asan
082 _aP15,1:g, M5
100 _aपिंगलनाग
245 0 _aछन्दःशास्त्रम्
246 _aChhandahshāstram
260 _aदिल्ली
_bपरिमल पब्लिकेशन्स भारत
_c1985
300 _a196पृ.
_ccm.
490 _aपरिमल संस्कृत ग्रंथमाला संख्या; 06
650 _aसंस्कृत साहित्य
942 _hP15,1:g, M5
_cTEXL
_2cc
999 _c1012079
_d1012079